000 01161cam a2200241 4500
001 ##L135387
008 061023n2006 000 0 eng u
035 _a(Sirsi) u135387
041 0 _aeng
050 0 4 _a621.384
_c20
110 1 _aNorthern Ireland
_bPlanning Service
_95069
245 0 2 _aA householder's planning guide for the installation of antennas, including satellite dishes
260 _aBelfast
_bDOE
_c2006
490 0 _aPlanning Service Information Leaflet
_v13
520 _aOutlines the planning regulations for antennas in Northern Ireland and includes the government statement of good practice on where to place antennas including satellite dishes.
590 _aIKA311006
650 2 4 _aPLANNING (GENERAL DEVELOPMENT ) ORDER (NORTHERN IRELAND) 1993
650 2 4 _aPLANNING (GENERAL DEVELOPMENT) (AMENDMENT NO. 2) ORDER (NORTHERN IRELAND) 2006
651 4 _aNORTHERN IRELAND
690 _aENVIRONMENTAL AND LAND CONSULTANCY-PLANNING AND DEVELOPMENT-PLANNING GUIDANCE
856 4 0 _uhttps://www.planningni.gov.uk/Devel_Control/info_leaflets/antennas/default.htm
_zView the leaflet free of charge at www.planningni.gov.uk..
942 _n0
999 _c106034
_d106034